• 首页
  • 本馆介绍
  • 公告通知
  • 最新文献
  • 馆藏检索
  • 电子资源
  • 读者导购
  • 参考咨询
  • 我的图书馆
  • 登录
  • 详细信息显示
  • 放入我的书架
  • 预约/预借图书
  • 作者相关作品
  • 分类相关作品
  • 丛书相关作品
  • 出版社相关作品

书目信息

  • 表格格式
  • 工作单格式
  • 卡片格式
题名:
张学良与西安事变
    
 
作者: ;岳龙 , 王秦 整理
分册:  
出版信息: 北京   中华书局  1980.12
页数: 215页
开本: 19cm
丛书名:
单 册:
中图分类: K258.05
科图分类:
主题词: 中国--历史--1840~1949
电子资源:
ISBN:
000 00613nam0 2200217 45
001 0181011168
005 20060820082512.35
010    @dCNY0.68
091    @a11018.920
100    @a20810111d km y0chiy0120 ea
101 0  @achi
105    @a z 000yy
200 1  @Azhang xue liang yu xi an shi bian@a张学良与西安事变@f应德田著@g岳龙,王秦整理
210    @a北京@c中华书局@d1980.12
215    @a215页@d19cm
606 0  @a中国@x历史@z1840~1949
690    @aK258.05@v3
702  0 @a岳龙@AYue Long@4整理
702  0 @a王秦@AWang Qin@4整理
801    @aCN@bTSTC@c20060820
905    @dK258.05@e8@f1@b40381
    
    张学良与西安事变/应德田著/岳龙,王秦整理.-北京:中华书局,1980.12
    215页;19cm
    
    
    ISBN :CNY0.68
    
●
相关链接 在E读中查询图书 在五车中查询图书 在当当中查询图书 在豆瓣中查询图书


正题名:张学良与西安事变     索取号:K258.05/8         预约/预借

序号 登录号 条形码 馆藏地/架位号 状态 备注
1 0040381   001274793   第二借阅区/ [索取号:K258.05/8] 在馆    
2 0040382   001810945   密集书库/ [索取号:K258.05/8] 在馆    
3 0040383   001274757   第二样本阅览室/ [索取号:K258.05/8] 在馆    
唐山师范学院图书馆 欢迎您!
大连网信软件有限公司© 版权所有